|
|
|
|
| LEADER |
00000nam a2200000Ii 4500 |
| 001 |
DIGUCANT0119 |
| 003 |
NyNyDIG |
| 006 |
m o d |
| 007 |
cr ||||||||||| |
| 008 |
220429s2020 sp ob 000 0 spa d |
| 035 |
|
|
|a (OCoLC)1319855753
|
| 040 |
|
|
|a DGITA
|b eng
|e rda
|e pn
|c DGITA
|
| 020 |
|
|
|a 9788481029185
|q eBook
|q pdf
|q EUC
|
| 020 |
|
|
|a 9788490443736
|q eBook
|q pdf
|q UCLM
|
| 020 |
|
|
|z 9788481029178
|q edición impresa
|q EUC
|
| 020 |
|
|
|z 9788490443729
|q edición impresa
|q UCLM
|
| 043 |
|
|
|a e-po---
|a e-sp---
|
| 050 |
1 |
4 |
|a BX1735 ebook
|
| 100 |
1 |
|
|a Sarrión Mora, Adelina,
|e author.
|
| 245 |
1 |
3 |
|a La tentación de ser Dios :
|b vida y prodigios de la beata de Villar del Águila /
|c Adelina Sarrión Mora.
|
| 264 |
|
1 |
|a Cuenca :
|b Ediciones de la Universidad de Castilla-La Mancha ;
|a [Santander, Cantabria] :
|b Editorial de la Universidad de Cantabria,
|c 2020.
|
| 300 |
|
|
|a 1 online resource.
|
| 336 |
|
|
|a text
|b txt
|2 rdacontent
|
| 337 |
|
|
|a computer
|b c
|2 rdamedia
|
| 338 |
|
|
|a online resource
|b cr
|2 rdacarrier
|
| 347 |
|
|
|a text file
|2 rdaft
|
| 347 |
|
|
|b PDF
|
| 490 |
1 |
|
|a Colección Enclaves culturales ;
|v 05
|
| 504 |
|
|
|a Includes bibliographical references.
|
| 505 |
0 |
|
|a En un pequeño lugar de la Alcarria -- La beata Isabel -- Adoradoras de la beata -- Las autoridades entran en la escena -- La beata en la memoria.
|
| 588 |
0 |
|
|a Online resource; title from PDF title page (Digitalia, viewed April 29, 2022)
|
| 600 |
1 |
0 |
|a Herraiz, Isabel,
|d 1755-1802
|x Trials, litigation, etc.
|
| 650 |
|
0 |
|a Inquisition
|z Spain
|z Villar del Águila
|x History
|y 19th century.
|
| 650 |
|
0 |
|a Trials (Heresy)
|z Spain
|z Villar del Águila
|x History
|y 19th century.
|
| 651 |
|
0 |
|a Villar del Águila (Spain)
|x Church history
|y 19th century.
|
| 655 |
|
0 |
|a Electronic books.
|
| 791 |
2 |
|
|a Digitalia (Firm),
|e distributor.
|
| 793 |
0 |
|
|g Digitalia eBook Collection:
|a Universidad de Cantabria
|
| 776 |
0 |
8 |
|i Print version:
|a Sarrión Mora, Adelina.
|t Tentación de ser Dios.
|b 1a. edición.
|d [Santander, Cantabria] : Editorial Universidad de Cantabria, 2020
|z 9788481029178
|
| 830 |
|
0 |
|a Colección Enclaves culturales ;
|v no. 5.
|
| 856 |
4 |
0 |
|3 Digitalia Hispánica
|u https://www.digitaliapublishing.com/a/103054/
|
| 910 |
|
|
|a Premium collection: 2022
|